| 000 | 00000nam 2200000za 4500 |
|---|---|
| 001 | 9.681849 |
| 003 | CaOODSP |
| 005 | 20200330212033 |
| 007 | ta |
| 008 | 150407s2001 onc||||| f|0| 0 fre d |
| 020 | |a0-660-62012-X |
| 040 | |aCaOODSP|bfre |
| 043 | |an-cn--- |
| 086 | 1 |aS2-211/2002-1F |
| 110 | 1 |aCanada. |bPatrimoine canadien. |
| 245 | 14|aLes symboles du Canada (affiche). |
| 260 | |aOttawa : |bPatrimoine canadien, |c2001. |
| 300 | |a1 feuille pliés. : |bill. en couleur ; |c84 cm. |
| 775 | 08|tSymbols of Canada (folded chart).|w(CaOODSP)9.648304 |
| 776 | 0#|tLes provinces et les territoires du Canada |w(CaOODSP)9.818122 |